مكتبة جامعة عجلون الوطنية

فهرس بحث المكتبة

دليل ابحاث حوسبة اللغة العربية / (Record no. 33359)

MARC details
000 -LEADER
fixed length control field 00815nam a22001817a 4500
003 - CONTROL NUMBER IDENTIFIER
control field JO-AjAnu
005 - DATE AND TIME OF LATEST TRANSACTION
control field 20240402110010.0
008 - FIXED-LENGTH DATA ELEMENTS--GENERAL INFORMATION
fixed length control field 240326b jo ||||| |||| 00| 0 ara d
040 ## - CATALOGING SOURCE
Original cataloging agency JO-AjAnu
Transcribing agency JO-AjAnu
041 ## - LANGUAGE CODE
Language code of original ara
100 #0 - MAIN ENTRY--PERSONAL NAME
Personal name اللجنة الوطنية الأردنية للنهوض باللغة العربية (بلسان عربي مبين)
Relator term اعداد
9 (RLIN) 65150
245 ## - TITLE STATEMENT
Title دليل ابحاث حوسبة اللغة العربية /
Remainder of title اعداد فريق العمل دليل ابحاث حوسبة اللغة العربية
260 ## - PUBLICATION, DISTRIBUTION, ETC.
Place of publication, distribution, etc. عمان :
Name of publisher, distributor, etc. اللجنة الوطنية للنهوض باللغة العربية،
Date of publication, distribution, etc. 2019
300 ## - PHYSICAL DESCRIPTION
Extent 147 صفحة
504 ## - BIBLIOGRAPHY, ETC. NOTE
Bibliography, etc. note الجزء الثاني
650 #7 - SUBJECT ADDED ENTRY--TOPICAL TERM
Form subdivision اللغة العربية-معالجة البيانات-بحوث
942 ## - ADDED ENTRY ELEMENTS (KOHA)
Source of classification or shelving scheme Library of Congress Classification
Koha item type Books
Suppress in OPAC No
Holdings
Withdrawn status Lost status Source of classification or shelving scheme Damaged status Not for loan Home library Current library Date acquired Total Checkouts Full call number Barcode Date last seen Price effective from Koha item type
    Library of Congress Classification     مكتبة جامعة عجلون الوطنية مكتبة جامعة عجلون الوطنية 26/03/2024   PJ6074.3.L844.2019 A29856 26/03/2024 26/03/2024 Books
    Library of Congress Classification     مكتبة جامعة عجلون الوطنية مكتبة جامعة عجلون الوطنية 26/03/2024   PJ6074.3.L844.2019 A29857 26/03/2024 26/03/2024 Books